Zlepšovacie návrhy v bezpečnosti práce
Guardado en:
| Formato: | Libro |
|---|---|
| Lenguaje: | eslovaco |
| Publicado: |
Bratislava
Práca
1983
|
| Colección: | Knižnica bezpečnosti práce
zv. 3/83 |
| Etiquetas: |
Sin Etiquetas, Sea el primero en etiquetar este registro!
|
MARC
| LEADER | 00000nam a2200000 4500 | ||
|---|---|---|---|
| 001 | c134745 | ||
| 005 | 20250916122829.6 | ||
| 041 | 0 | |a slo | |
| 044 | |a SK | ||
| 245 | 1 | 0 | |a Zlepšovacie návrhy v bezpečnosti práce |
| 264 | 1 | |a Bratislava |b Práca |c 1983 | |
| 300 | |a 155 s. | ||
| 490 | 1 | |a Knižnica bezpečnosti práce |v zv. 3/83 | |
| 830 | 0 | |a Knižnica bezpečnosti práce |v zv. 3/83 | |